Statistiques concernant Les 49 pays les plus pauvres du monde

Cliquez ici pour prendre le quiz!

Statistiques générales

  • Ce quiz a été pris 269 fois
  • Le résultat moyen est 26 sur 49

Statistiques - réponses

HintRéponse% Correct
-Mali
79%
-Congo
77%
-République du Congo
77%
-Somalie
77%
-Guinée
76%
-Niger
76%
-Éthiopie
71%
-Tchad
70%
-Soudan
67%
-Sénégal
66%
-Angola
65%
-Cameroun
65%
-Rwanda
64%
-Togo
64%
-Burundi
63%
-Kenya
63%
-Nigeria
63%
-Zambie
63%
-Bénin
62%
-Comores
61%
-Mozambique
61%
-Madagascar
60%
-Centrafrique
59%
-Guinée-Bissau
58%
-Haïti
57%
-Zimbabwe
57%
-Lesotho
55%
-Burkina Faso
54%
-Gambie
53%
-Malawi
53%
-Ouganda
53%
-Tanzanie
53%
-Djibouti
50%
-Liberia
50%
-Népal
49%
-Pakistan
40%
-Vanuatu
36%
-Kirghizistan
33%
-Tadjikistan
33%
-Honduras
32%
-Timor oriental
30%
-Samoa
28%
-Cambodge
27%
-Kiribati
27%
-Îles Salomon
25%
-Micronésie
25%
-Papouasie-nouvelle-Guinée
23%
-Myanmar
7%
-São Tomé e Príncipe
1%

Distribution des résultats

Percentile par nombre de réponses

% des personnes avec chaque résultat

Votre développement - résultats

Vous n’avez pas pris ce quiz